John Hume and the revision of Irish nationalism (Record no. 66746)
[ view plain ]
| 000 -LEADER | |
|---|---|
| fixed length control field | 01722nam a2200373 a 4500 |
| 082 04 - DEWEY DECIMAL CLASSIFICATION NUMBER | |
| Classification number | 320.9416 |
| 100 1# - MAIN ENTRY--AUTHOR NAME | |
| Personal name | McLoughlin, P. J. |
| 245 10 - TITLE STATEMENT | |
| Title | John Hume and the revision of Irish nationalism |
| 260 ## - PUBLICATION, DISTRIBUTION, ETC. (IMPRINT) | |
| Place of publication | Manchester ; |
| -- | New York : |
| Name of publisher | Manchester University Press ; |
| Place of publication | New York : |
| Name of publisher | Distributed by Palgrave Macmillan, |
| Year of publication | 2010. |
| 300 ## - PHYSICAL DESCRIPTION | |
| Number of Pages | xxii, 254 p. |
| 520 8# - SUMMARY, ETC. | |
| Summary, etc | This title explores the politics of the most important Irish nationalist leader of his generation, John Hume. The book shows Hume to be one of the chief architects of the Northern Ireland peace process, and a key figure in the making of the 1998 Good Friday Agreement. |
| 650 #0 - SUBJECT ADDED ENTRY--TOPICAL TERM | |
| Topical Term | Nationalism |
| 856 40 - ELECTRONIC LOCATION AND ACCESS | |
| Uniform Resource Identifier | http://site.ebrary.com/lib/rucke/Doc?id=10627269 |
No items available.
